[Event "AUT-chW"]
[Site "Gallspach (OOe)"]
[Date "1997.08.02"]
[Round "6"]
[White "Schwaninger, Ulrike"]
[Black "Hennings, Margit"]
[Result "0-1"]
[WhiteElo "1776"]
[BlackElo "1890"]
[PlyCount "82"]
[EventDate "1997.08.02"]

1. c4 e5 2. Nc3 Nf6 3. g3 Bb4 4. Nd5 Nxd5 5. cxd5 O-O 6. a3 Ba5 7. b4 Bb6 8. e3
d6 9. Bg2 f5 10. Ne2 Nd7 11. f4 Nf6 12. O-O e4 13. Qb3 Bd7 14. Bb2 Bb5 15. Rfe1
a6 16. Nd4 Bd7 17. Ne6 Bxe6 18. dxe6 Qe7 19. Bh3 g6 20. Bf1 c6 21. a4 d5 22. b5
Ba5 23. bxc6 bxc6 24. Ba3 c5 25. Rec1 Rfc8 26. d4 exd3 27. Qxd3 Qxe6 28. Bxc5
Re8 29. Bg2 Ne4 30. Ba3 Red8 31. Bb2 Bb6 32. Rd1 Rac8 33. Rac1 Rxc1 34. Bxc1 d4
{} 35. Qxa6 d3 36. Qb5 d2 37. Bb2 Bxe3+ 38. Kf1 Nf2 39. Qb7 Qc4+ 40. Kg1 Nxd1+
41. Kh1 Nxb2 0-1

[Event "AUT-chW"]
[Site "Gallspach (OOe)"]
[Date "1997.08.02"]
[Round "6"]
[White "Hohendanner, Sonja"]
[Black "Lukan, Dunja"]
[Result "1/2-1/2"]
[WhiteElo "1636"]
[BlackElo "1804"]
[PlyCount "54"]
[EventDate "1997.08.02"]

1. d4 Nf6 2. Nf3 g6 3. Bf4 Bg7 4. e3 d6 5. h3 O-O 6. Be2 Nbd7 7. O-O c5 8. c4
Qb6 9. Qc2 Nh5 10. Bh2 Re8 11. Rd1 Nhf6 12. Nc3 cxd4 13. exd4 a6 14. Re1 e6 15.
Rad1 d5 16. c5 Qd8 17. b4 Nb8 18. a4 Bd7 19. Ne5 Nc6 20. Nxc6 Bxc6 21. b5 Bd7
22. Rb1 a5 23. Rbc1 Rc8 24. Qd3 Kh8 25. Nb1 Ng8 26. Nd2 Ne7 27. Nf3 Nf5 {}
1/2-1/2

[Event "AUT-chW"]
[Site "Gallspach (OOe)"]
[Date "1997.08.02"]
[Round "6"]
[White "Kirchmayr, Elisabeth"]
[Black "Hanel, Edith"]
[Result "1-0"]
[WhiteElo "1819"]
[BlackElo "1835"]
[PlyCount "61"]
[EventDate "1997.08.02"]

1. c4 d6 2. g3 Nf6 3. Bg2 g6 4. b3 Bg7 5. Bb2 Nbd7 6. Nf3 O-O 7. O-O c5 8. d4
Rb8 9. d5 a6 10. Nbd2 b5 11. Rc1 Nb6 12. Bxf6 Bxf6 13. cxb5 axb5 14. e4 Nd7 15.
Re1 Ra8 16. Rc2 Bb7 17. Bf1 Qb6 18. Qe2 Ba6 19. Qe3 Ra7 20. Bh3 Qb7 21. Bxd7
Qxd7 22. e5 Bg7 23. Ne4 Rfa8 24. exd6 exd6 25. Qg5 Qe7 26. Qf4 Rd7 {} 27. Nxc5
Qd8 28. Nxd7 Qxd7 29. Rce2 Bf8 30. Ng5 Bb7 31. Re7 1-0

[Event "AUT-chW"]
[Site "Gallspach (OOe)"]
[Date "1997.08.02"]
[Round "6"]
[White "Horvath, Maria"]
[Black "Mira, Helene"]
[Result "1/2-1/2"]
[WhiteElo "2070"]
[BlackElo "2131"]
[PlyCount "45"]
[EventDate "1997.08.02"]

1. d4 Nf6 2. c4 e6 3. Nc3 Bb4 4. Qc2 c5 5. e3 b6 6. a3 Ba5 7. Bd3 Bb7 8. Nge2
Bxg2 9. Rg1 Bf3 10. Rxg7 Bxe2 11. Bxe2 Nc6 12. Rg1 Bxc3+ 13. bxc3 Qc7 14. f4
cxd4 15. cxd4 d5 16. cxd5 exd5 17. Bb5 Rc8 18. a4 Nd7 19. Bd2 Ne7 20. Qd1 Qd6
21. Rb1 Qe6 22. Rg5 Rg8 23. Rxg8+ {} 1/2-1/2

[Event "AUT-chW"]
[Site "Gallspach (OOe)"]
[Date "1997.08.03"]
[Round "7"]
[White "Hackbarth, Christa"]
[Black "Sommer, Sonja"]
[Result "0-1"]
[WhiteElo "1729"]
[BlackElo "1955"]
[PlyCount "50"]
[EventDate "1997.08.03"]

1. d4 d5 2. Nf3 Nf6 3. Bf4 c6 4. h3 Bf5 5. c3 Nbd7 6. Nbd2 e6 7. e3 Be7 8. Nh4
Be4 9. Nhf3 O-O 10. Nxe4 Nxe4 11. Bd3 Ndf6 12. Qc2 Nd6 13. O-O Nfe4 14. c4 f5
15. Rfd1 g5 16. Be5 Nf7 17. Nh2 Nxe5 18. dxe5 Qc7 19. f3 Ng3 20. f4 gxf4 {}
21. exf4 Bc5+ 22. Qf2 Bxf2+ 23. Kxf2 Ne4+ 24. Kf3 Qb6 25. Rf1 Nd2+ 0-1

[Event "AUT-chW"]
[Site "Gallspach (OOe)"]
[Date "1997.08.03"]
[Round "7"]
[White "Mira, Helene"]
[Black "Hapala, Michaela"]
[Result "0-1"]
[WhiteElo "2131"]
[BlackElo "1842"]
[PlyCount "92"]
[EventDate "1997.08.03"]

1. d4 f5 2. Nf3 e6 3. g3 Nf6 4. Bg2 d5 5. c4 c6 6. O-O Bd6 7. Bf4 Bxf4 8. gxf4
dxc4 9. Ne5 Nd5 10. e3 Qh4 11. Nxc4 O-O 12. Nbd2 Nd7 13. Nf3 Qh6 14. Nfe5 N7f6
15. Rc1 Bd7 16. Qb3 Rab8 17. Qa3 b5 18. Na5 b4 19. Qd3 Ng4 20. Nxg4 fxg4 21.
Nxc6 Rb6 22. Bxd5 exd5 23. Ne7+ Kh8 24. Nxd5 Bb5 25. Qf5 Rbb8 26. Qxg4 Bxf1 27.
Rxf1 Qc6 28. Qg2 Qc2 29. f3 Qc4 30. e4 Qxa2 31. Qd2 a5 32. Rc1 Rfc8 33. Ne7 Rc4
34. d5 a4 35. d6 a3 36. d7 Rxc1+ 37. Qxc1 Qf7 38. Qc7 Qf8 39. Nc8 axb2 40. d8=Q
b1=Q+ 41. Kg2 Qa2+ 42. Kf1 Qxd8 43. Qxd8+ Qg8 44. Qxg8+ Kxg8 45. Ne7+ Kf8 46.
Nd5 b3 {} 0-1

[Event "AUT-chW"]
[Site "Gallspach (OOe)"]
[Date "1997.08.03"]
[Round "7"]
[White "Hanel, Edith"]
[Black "Horvath, Maria"]
[Result "0-1"]
[WhiteElo "1835"]
[BlackElo "2070"]
[PlyCount "88"]
[EventDate "1997.08.03"]

1. d4 e6 2. Nf3 f5 3. Bf4 Nf6 4. e3 d6 5. h3 Qe7 6. Be2 Nbd7 7. Nbd2 h6 8. c3
g5 9. Bg3 Bg7 10. Qc2 O-O 11. O-O-O a6 12. Nh2 b5 13. f4 Nd5 14. Qd3 c5 15. Bf3
Bb7 16. fxg5 cxd4 17. exd4 hxg5 18. Nb3 Rac8 19. Kb1 N7b6 20. Rhe1 Qd7 21. Qe2
Rfe8 22. Bh5 Re7 23. Nf3 Bf6 24. Bf2 {} 24... Nf4 25. Qd2 Nc4 26. Qc1 Nxh5 27.
Nxg5 Ng7 28. Qf4 Bxg5 29. Qxg5 Be4+ 30. Ka1 Ree8 31. Bh4 a5 32. Nd2 Nxd2 33.
Rxd2 b4 34. g4 bxc3 35. bxc3 Rxc3 36. gxf5 exf5 37. Rg1 Rec8 38. Qf6 Rc1+ 39.
Rxc1 Rxc1+ 40. Kb2 Rb1+ 41. Ka3 Qc7 42. Qd8+ Qxd8 43. Bxd8 f4 44. Bxa5 f3 0-1

[Event "AUT-chW"]
[Site "Gallspach (OOe)"]
[Date "1997.08.03"]
[Round "7"]
[White "Lukan, Dunja"]
[Black "Kirchmayr, Elisabeth"]
[Result "1-0"]
[WhiteElo "1804"]
[BlackElo "1819"]
[PlyCount "99"]
[EventDate "1997.08.03"]

1. d4 g6 2. c4 Bg7 3. Nc3 d6 4. e4 Nf6 5. Nf3 O-O 6. Be2 c6 7. O-O Qc7 8. h3
Nbd7 9. Be3 e5 10. dxe5 dxe5 11. Qc2 Ne8 12. Rad1 b6 13. Qd2 Ndf6 14. c5 b5 15.
b4 Be6 16. Ng5 Qd7 17. Nxe6 Qxe6 18. Bh6 Bxh6 19. Qxh6 Ng7 {} 20. Rd6 Qe7 21.
Rxc6 Rfc8 22. Rxc8+ Rxc8 23. Rd1 Ne6 24. Qe3 a5 25. a3 axb4 26. axb4 Nf4 27.
Nd5 N6xd5 28. exd5 Qg5 29. Bf1 Qh5 30. Qf3 Qf5 31. Qg4 Qxg4 32. hxg4 Rd8 33. d6
Ne6 34. c6 Ra8 35. d7 Rd8 36. Bxb5 Kf8 37. Bc4 Nc7 38. b5 Na8 39. Ra1 Nb6 40.
Bb3 Ke7 41. Ra6 Na8 42. b6 Kd6 43. c7 Nxc7 44. bxc7+ Kxc7 45. Ba4 Kb7 46. Rf6
Rf8 47. g5 Kc7 48. Rf3 Ra8 49. Rc3+ Kd8 50. Rc8+ 1-0

[Event "AUT-chW"]
[Site "Gallspach (OOe)"]
[Date "1997.08.03"]
[Round "7"]
[White "Hennings, Margit"]
[Black "Hohendanner, Sonja"]
[Result "1/2-1/2"]
[WhiteElo "1890"]
[BlackElo "1636"]
[PlyCount "88"]
[EventDate "1997.08.03"]

1. e4 c5 2. Nf3 Nc6 3. d4 cxd4 4. c3 dxc3 5. Nxc3 e6 6. Bc4 a6 7. O-O g6 8. Bf4
Bg7 9. Bd6 Nge7 10. e5 O-O 11. Ne4 f5 12. exf6 Bxf6 13. Nxf6+ Rxf6 14. Rc1 Nf5
15. Ba3 d5 16. Bd3 Nce7 17. Ne5 Bd7 18. g4 Ng7 19. Qd2 Rc8 20. Qg5 Nc6 21. Nxd7
Rf3 22. Qxd8+ Rxd8 23. Be2 Rxa3 24. Nf6+ Kf7 25. bxa3 Kxf6 26. Bxa6 Na5 27. Bb5
h5 28. f3 e5 29. h3 Ne6 30. Kf2 Nf4 31. h4 hxg4 32. fxg4 Ke6 33. Kg3 Nc4 34. a4
Ne2+ 35. Kh3 Nxc1 36. Rxc1 Rc8 37. g5 Nd6 38. Rf1 Nf5 39. Rh1 e4 40. a5 Rc3+
41. Kg2 Rc2+ 42. Kh3 Rc3+ 43. Kg2 Rc2+ 44. Kh3 Rc3+ {} 1/2-1/2

[Event "AUT-chW"]
[Site "Gallspach (OOe)"]
[Date "1997.08.03"]
[Round "7"]
[White "Borek, Jutta"]
[Black "Schwaninger, Ulrike"]
[Result "1-0"]
[WhiteElo "2093"]
[BlackElo "1776"]
[PlyCount "91"]
[EventDate "1997.08.03"]

1. c3 c5 2. d4 cxd4 3. cxd4 d5 4. Nc3 Nc6 5. Nf3 Nf6 6. Bg5 e6 7. e3 Be7 8. Bd3
Bd7 9. h3 Rc8 10. a3 h6 11. Bf4 O-O 12. O-O Na5 13. Ne5 Nc4 14. Nxc4 dxc4 15.
Bb1 Bc6 16. Qc2 Bd6 17. Be5 g6 18. f4 b5 19. Qf2 Bc7 20. g4 Bxe5 21. fxe5 Nd5
22. Ne4 Rc7 23. Bc2 a5 24. Rad1 Bb7 25. Nf6+ Nxf6 26. exf6 Qd5 27. e4 Qg5 28.
Qg3 {} 28... h5 29. Qxc7 Qe3+ 30. Rf2 Qxh3 31. Qf4 Qxg4+ 32. Qxg4 hxg4 33. d5
exd5 34. exd5 Re8 35. d6 Bf3 36. d7 Rd8 37. Rxf3 gxf3 38. Be4 Kh7 39. Kf2 Kh6
40. Bc6 b4 41. axb4 axb4 42. Rc1 c3 43. bxc3 bxc3 44. Rxc3 g5 45. Rxf3 g4 46.
Re3 1-0

[Event "AUT-chW"]
[Site "Gallspach (OOe)"]
[Date "1997.08.04"]
[Round "8"]
[White "Hohendanner, Sonja"]
[Black "Borek, Jutta"]
[Result "0-1"]
[WhiteElo "1636"]
[BlackElo "2093"]
[PlyCount "102"]
[EventDate "1997.08.04"]

1. d4 Nf6 2. Nf3 d6 3. Bf4 g6 4. e3 Bg7 5. h3 Nbd7 6. Be2 O-O 7. O-O h6 8. c4
Nh7 9. Nc3 e5 10. dxe5 dxe5 11. Bh2 Ng5 12. Qc2 f5 13. Kh1 c6 14. Rad1 Qe7 15.
a3 Nf7 16. b4 e4 17. Nd4 Nde5 18. c5 g5 19. Rde1 Bd7 20. Rd1 Rae8 21. Na4 g4
22. hxg4 Nxg4 23. g3 Nfe5 24. Nb2 Kh8 25. Kg2 Qg5 26. Qd2 Bc8 27. Rh1 Rd8 28.
Qc1 Ng6 29. Bxg4 fxg4 30. Rhf1 Ne5 31. Qc2 Bf5 32. Nxf5 Qxf5 33. Rxd8 Rxd8 34.
Rd1 Nd3 35. Nc4 Rf8 36. Rf1 Qf3+ 37. Kg1 Rd8 38. Qd1 Qxd1 39. Rxd1 Rf8 40. Rf1
Be5 41. Na5 Rf7 42. Kg2 Kg7 43. Bg1 Kf6 44. Rb1 Ke6 45. Nb3 Kd5 {} 46. Kf1
Bxg3 47. Ke2 Be5 48. Nd2 h5 49. Nf1 h4 50. Nh2 Bxh2 51. Bxh2 Rxf2+ 0-1

[Event "AUT-chW"]
[Site "Gallspach (OOe)"]
[Date "1997.08.04"]
[Round "8"]
[White "Kirchmayr, Elisabeth"]
[Black "Hennings, Margit"]
[Result "1-0"]
[WhiteElo "1819"]
[BlackElo "1890"]
[PlyCount "91"]
[EventDate "1997.08.04"]

1. c4 e5 2. Nc3 Nf6 3. g3 Bb4 4. Bg2 O-O 5. Qc2 Re8 6. e3 Nc6 7. Nge2 Bf8 8. a3
d6 9. O-O Be6 10. b3 Qd7 11. Bb2 Bh3 12. Rad1 Bxg2 13. Kxg2 Qg4 14. h3 Qh5 15.
d3 Ne7 16. Ng1 g5 17. Qe2 Qg6 18. g4 h5 19. Bc1 Bh6 20. f3 c6 21. Qf2 Nd7 22.
Ne4 h4 23. b4 d5 24. cxd5 Nxd5 25. Qa2 f5 26. Nc3 fxg4 27. fxg4 Qe6 28. Nxd5
cxd5 29. e4 Nf6 30. Rf5 dxe4 31. Qxe6+ Rxe6 32. dxe4 Nxe4 33. Nf3 Rc8 34. Be3
Ng3 35. Rxe5 Rxe5 36. Nxe5 Rc2+ 37. Kf3 Rc3 38. Rd3 Rxd3 39. Nxd3 Kf7 40. Bxa7
Bg7 41. a4 Bc3 42. b5 Ke7 43. Be3 Bf6 44. Nc5 b6 45. Ne4 Nf1 {} 46. Bxb6 1-0

[Event "AUT-chW"]
[Site "Gallspach (OOe)"]
[Date "1997.08.04"]
[Round "8"]
[White "Hapala, Michaela"]
[Black "Hanel, Edith"]
[Result "1/2-1/2"]
[WhiteElo "1842"]
[BlackElo "1835"]
[PlyCount "60"]
[EventDate "1997.08.04"]

1. c4 d6 2. d4 Nf6 3. Nc3 g6 4. e4 Bg7 5. Bd3 c5 6. d5 Nbd7 7. f4 a6 8. Nf3 Rb8
9. O-O O-O 10. e5 dxe5 11. fxe5 Ng4 12. e6 fxe6 13. h3 Nge5 14. dxe6 Nxf3+ 15.
Rxf3 Ne5 16. Rxf8+ Qxf8 17. Ne4 {} 17... Nxd3 18. Qxd3 Bxe6 19. Nxc5 Rd8 20.
Qe2 Bc8 21. Be3 Qf6 22. Rd1 Rxd1+ 23. Qxd1 Qd6 24. Qxd6 exd6 25. Ne4 Be5 26. g4
Bd7 27. b3 Bc6 28. Nd2 Kf7 29. Kf2 Ke6 30. Nf3 Bf6 1/2-1/2

[Event "AUT-chW"]
[Site "Gallspach (OOe)"]
[Date "1997.08.04"]
[Round "8"]
[White "Hackbarth, Christa"]
[Black "Mira, Helene"]
[Result "0-1"]
[WhiteElo "1729"]
[BlackElo "2131"]
[PlyCount "78"]
[EventDate "1997.08.04"]

1. d4 Nf6 2. Nf3 g6 3. Bf4 Bg7 4. e3 d6 5. h3 O-O 6. Be2 c5 7. c3 Nc6 8. O-O
cxd4 9. exd4 Nd5 10. Bg3 e5 11. Bb5 exd4 12. Bxc6 dxc3 13. Nxc3 Nxc3 14. bxc3
bxc6 15. Qxd6 Ba6 16. Rfc1 Qc8 17. Qa3 Bd3 18. Re1 Bc4 19. Re7 a5 20. Rae1 Qa6
21. Be5 Bh6 22. Qd6 c5 23. Qxc5 Rfc8 24. Rc7 Rxc7 25. Qxc7 Bxa2 26. Bd4 Bg7 27.
Ng5 h6 28. Nf3 a4 29. Qd7 a3 30. Bxg7 Kxg7 31. Nd4 Bc4 32. Nc2 Qf6 33. Qd2 a2
34. Qd4 Qxd4 {} 35. Nxd4 Rb8 36. Kh1 Rb1 37. Rg1 Bf1 38. Kh2 Kf8 39. Kg3 Bd3
0-1

[Event "AUT-chW"]
[Site "Gallspach (OOe)"]
[Date "1997.08.05"]
[Round "9"]
[White "Mira, Helene"]
[Black "Sommer, Sonja"]
[Result "0-1"]
[WhiteElo "2131"]
[BlackElo "1955"]
[PlyCount "62"]
[EventDate "1997.08.05"]

1. d4 d5 2. Nf3 Bf5 3. c4 e6 4. Qb3 Nc6 5. cxd5 exd5 6. Bf4 Nb4 7. Na3 c6 8.
Rc1 a5 9. Ra1 Be7 10. h3 g5 11. Bd2 h5 12. Qe3 f6 13. Nxg5 fxg5 14. Qe5 Qd7 {}
15. Qxh8 O-O-O 16. Qxh5 Nf6 17. Qf3 Ne4 18. Qb3 Bd6 19. Rc1 Rf8 20. Be3 Kb8 21.
Nb1 Qe7 22. a3 Nxf2 23. Bxf2 Nd3+ {} 24. Kd2 Nxf2 25. g4 Bxb1 26. Rg1 Bg6 27.
Rxc6 Bf4+ 28. Ke1 Nd3+ 29. Kd1 Qe3 30. Qc3 Nf2+ 31. Ke1 bxc6 0-1

[Event "AUT-chW"]
[Site "Gallspach (OOe)"]
[Date "1997.08.05"]
[Round "9"]
[White "Hanel, Edith"]
[Black "Hackbarth, Christa"]
[Result "0-1"]
[WhiteElo "1835"]
[BlackElo "1729"]
[PlyCount "102"]
[EventDate "1997.08.05"]

1. d4 d5 2. Nf3 Nf6 3. Bf4 Bf5 4. e3 e6 5. Be2 Nbd7 6. h3 Be7 7. Nbd2 c5 8. c3
Rc8 9. Nh4 Be4 10. Nhf3 O-O 11. O-O Bg6 12. Re1 Ne4 13. Nxe4 Bxe4 14. Bd3 Nf6
15. Ne5 Bg6 16. Nxg6 hxg6 17. Rc1 Rc6 18. Be2 Bd6 19. Bxd6 Qxd6 20. c4 dxc4 21.
dxc5 Qxc5 22. Rxc4 Qb6 23. b3 Rfc8 24. Qd2 Qc7 25. Rec1 Qb6 26. Qd3 Nd5 27.
Rxc6 Rxc6 28. Rxc6 Qxc6 29. Bf3 Qc1+ 30. Kh2 Qc7+ 31. Kg1 Nf6 32. Qc4 Qxc4 33.
bxc4 b6 34. Bc6 Kf8 35. Kf1 Ke7 36. Ke2 Kd6 37. Bb5 Ne4 38. a4 Kc5 39. f3 Nd6
40. Kd3 g5 41. g3 Nf5 42. Be8 Nd6 43. Bb5 f6 44. f4 gxf4 45. gxf4 a5 46. Bd7
Nxc4 47. Bxe6 Nb2+ {} 48. Kc3 Nxa4+ 49. Kb3 b5 50. e4 Kd4 51. Bd5 Nc5+ 0-1

[Event "AUT-chW"]
[Site "Gallspach (OOe)"]
[Date "1997.08.05"]
[Round "9"]
[White "Hennings, Margit"]
[Black "Horvath, Maria"]
[Result "1/2-1/2"]
[WhiteElo "1890"]
[BlackElo "2070"]
[PlyCount "70"]
[EventDate "1997.08.05"]

1. e4 c5 2. Nf3 e6 3. d4 cxd4 4. c3 dxc3 5. Nxc3 Nc6 6. Bc4 Qc7 7. O-O Nf6 8.
Bg5 Ng4 9. Bb3 Bc5 10. Nb5 Qb8 11. Rc1 b6 12. h3 Ba6 13. a4 Nge5 14. Bf4 Bxb5
15. axb5 Nxf3+ 16. Qxf3 Nd4 17. Bxb8 Nxf3+ 18. gxf3 Rxb8 19. f4 Ke7 20. Kg2
Rbc8 21. Ra1 Rc7 22. Ra2 Bb4 23. Ra4 Ba5 24. Rc4 Rc5 25. Rxc5 bxc5 26. Rd1 d6
27. Kf3 g6 28. Ke2 Rf8 29. Rg1 Bb6 30. Rf1 Rd8 31. Rd1 f5 32. f3 Rf8 33. Rf1
Kd7 34. Bc4 Kc7 35. Bxe6 Re8 {} 1/2-1/2

[Event "AUT-chW"]
[Site "Gallspach (OOe)"]
[Date "1997.08.05"]
[Round "9"]
[White "Schwaninger, Ulrike"]
[Black "Hohendanner, Sonja"]
[Result "1-0"]
[WhiteElo "1776"]
[BlackElo "1636"]
[PlyCount "51"]
[EventDate "1997.08.05"]

1. c4 c5 2. g3 Nc6 3. Bg2 g6 4. Nc3 Bg7 5. e3 e6 6. Nge2 Nf6 7. a3 O-O 8. Rb1
d5 9. cxd5 Nxd5 10. O-O a6 11. d3 Nxc3 12. bxc3 Qc7 13. d4 cxd4 14. cxd4 Bd7
15. Bd2 Rab8 16. Qc2 Rfc8 17. Rfc1 b5 18. Bb4 Bf8 19. Bxf8 Kxf8 20. Qc5+ Ke8
21. Qg5 h5 22. d5 exd5 23. Bxd5 Qd8 24. Qf4 Qe7 {} 25. Bxc6 Bxc6 26. Rxc6 1-0

[Event "AUT-chW"]
[Site "Gallspach (OOe)"]
[Date "1997.08.06"]
[Round "10"]
[White "Kirchmayr, Elisabeth"]
[Black "Schwaninger, Ulrike"]
[Result "1-0"]
[WhiteElo "1819"]
[BlackElo "1776"]
[PlyCount "83"]
[EventDate "1997.08.06"]

1. d4 g6 2. Nf3 Bg7 3. Bg5 c5 4. c3 Qa5 5. d5 d6 6. Qb3 Bd7 7. Qxb7 Nf6 8. Bxf6
Bxf6 9. e3 Qb6 10. Qxb6 axb6 11. Nbd2 b5 12. Bd3 O-O 13. O-O Na6 14. Ne4 Bg7
15. Rfd1 Nc7 16. Be2 h6 17. Ng3 b4 18. cxb4 cxb4 19. Nd4 Nxd5 20. Bf3 Ra5 21.
Nb3 {} 21... Nxe3 22. Nxa5 Nxd1 23. Rxd1 Bxb2 24. Rb1 Bc3 25. Ne2 Bf5 26. Rc1
Bb2 27. Rc7 e5 28. Bd5 Be6 29. Bxe6 fxe6 30. Nc4 Bd4 31. Nxd4 exd4 32. Nxd6 Ra8
33. Rc8+ Rxc8 34. Nxc8 e5 35. Kf1 Kf7 36. Ke2 Ke6 37. Kd3 g5 38. g4 Kd5 39.
Ne7+ Kc5 40. f3 Kb5 41. Ng6 Ka4 42. Nxe5 1-0

[Event "AUT-chW"]
[Site "Gallspach (OOe)"]
[Date "1997.08.06"]
[Round "10"]
[White "Horvath, Maria"]
[Black "Borek, Jutta"]
[Result "1/2-1/2"]
[WhiteElo "2070"]
[BlackElo "2093"]
[PlyCount "82"]
[EventDate "1997.08.06"]

1. d4 Nf6 2. Nf3 e6 3. Bf4 b6 4. e3 Bb7 5. Nbd2 Be7 6. h3 d6 7. Bd3 Nbd7 8. c3
O-O 9. Qc2 Re8 10. O-O Bf8 11. Bg5 h6 12. Bh4 g5 13. Bg3 Bg7 14. Rad1 Qe7 15.
e4 Nh5 16. Bb5 a6 17. Bxd7 Qxd7 18. e5 Rad8 19. Bh2 Qc6 20. exd6 cxd6 21. Rfe1
Nf4 22. Bxf4 gxf4 23. Qe4 Qxe4 24. Nxe4 f5 25. Ned2 Bf6 26. Re2 Kf7 27. Rde1 b5
28. Nb3 Be4 29. Nh2 Bd3 30. Rd2 Bc4 31. Nc1 e5 32. d5 e4 33. Rdd1 Re5 34. Ne2
Bxd5 35. Nxf4 Bb7 36. Nf1 Bg5 37. g3 Rg8 38. Kh2 Bxf4 39. gxf4 Re6 40. Ne3 Reg6
41. Rd2 Ke6 {} 1/2-1/2

[Event "AUT-chW"]
[Site "Gallspach (OOe)"]
[Date "1997.08.06"]
[Round "10"]
[White "Hapala, Michaela"]
[Black "Hennings, Margit"]
[Result "1/2-1/2"]
[WhiteElo "1842"]
[BlackElo "1890"]
[PlyCount "110"]
[EventDate "1997.08.06"]

1. c4 Nf6 2. d4 e6 3. a3 d5 4. e3 a6 5. Nc3 c6 6. Qc2 Nbd7 7. f4 dxc4 8. Bxc4
b5 9. Be2 c5 10. Nf3 Bb7 11. O-O Rc8 12. f5 Qb6 13. fxe6 Qxe6 14. Ng5 Qb6 15.
Qb3 c4 16. Qc2 Be7 17. Bf3 Bxf3 18. Rxf3 h6 19. Nh3 O-O 20. Bd2 a5 21. Nf4 b4
22. axb4 axb4 23. Ncd5 Nxd5 24. Nxd5 Qe6 25. Bxb4 Bxb4 26. Nxb4 {} 26... Nf6
27. Ra6 Qe4 28. Qxe4 Nxe4 29. Nc6 Ra8 30. Ne7+ Kh7 31. Rxa8 Rxa8 32. h4 Ra2 33.
Rf4 Nd2 34. Rxf7 Rxb2 35. Nd5 Ne4 36. Rc7 Rc2 37. Nf4 c3 38. Kf1 Ra2 39. d5 Rd2
40. Ke1 c2 41. d6 Rxd6 42. Rxc2 Ng3 43. h5 Rf6 44. Rc5 Rf7 45. Re5 Rf8 46. Kd2
Rd8+ 47. Rd5 Rxd5+ 48. Nxd5 Nxh5 49. e4 Kg6 50. Ke3 Kf7 51. e5 Ke6 52. Kd4 g5
53. g4 Ng3 54. Nc7+ Kd7 55. Nd5 Ke6 1/2-1/2

[Event "AUT-chW"]
[Site "Gallspach (OOe)"]
[Date "1997.08.06"]
[Round "10"]
[White "Hackbarth, Christa"]
[Black "Lukan, Dunja"]
[Result "1-0"]
[WhiteElo "1729"]
[BlackElo "1804"]
[PlyCount "101"]
[EventDate "1997.08.06"]

1. d4 d5 2. Nf3 Bf5 3. Bf4 e6 4. e3 Bd6 5. Bg3 Bxg3 6. hxg3 h6 7. Bd3 Bxd3 8.
Qxd3 c6 9. Nbd2 Nd7 10. O-O Ngf6 11. Qa3 Qe7 12. Qb3 Rb8 13. c4 O-O 14. Rac1
Nb6 15. Rc2 Rfd8 16. Rfc1 Ng4 17. Qd3 e5 18. Qf5 e4 {} 19. Qxg4 exf3 20. Qxf3
dxc4 21. Nxc4 Nxc4 22. Rxc4 Rd7 23. Rc5 Rbd8 24. R1c3 Qe6 25. Ra5 a6 26. Raa3
Rd5 27. Rab3 R8d7 28. Rc1 Ra5 29. Qf4 Kh7 30. Qb8 Qe7 31. a3 Rad5 32. Qf4 Ra5
33. Rbc3 Rb5 34. R1c2 Qe6 35. Rc5 Rd5 36. b4 Rbxc5 37. Rxc5 Rxc5 38. dxc5 Qd7
39. e4 Kg8 40. Qd6 Qc8 41. e5 Qg4 42. Qd8+ Kh7 43. Qd2 Kg8 44. Qd3 Qc8 45. f4
g6 46. Kh2 Qf5 47. Qxf5 gxf5 48. Kh3 Kg7 49. g4 Kg6 50. Kh4 fxg4 51. Kxg4 1-0

[Event "AUT-chW"]
[Site "Gallspach (OOe)"]
[Date "1997.08.06"]
[Round "10"]
[White "Mira, Helene"]
[Black "Hanel, Edith"]
[Result "1-0"]
[WhiteElo "2131"]
[BlackElo "1835"]
[PlyCount "75"]
[EventDate "1997.08.06"]

1. d4 Nf6 2. c4 d6 3. Nf3 g6 4. Nc3 Bg7 5. e4 O-O 6. Be2 c5 7. d5 Na6 8. O-O
Nc7 9. h3 a6 10. a4 Rb8 11. Qc2 Bd7 12. a5 b5 13. axb6 Rxb6 14. Ra3 e6 15. Bd3
e5 16. Ne2 Nh5 17. Bd2 f5 18. Ba5 Rb7 19. Bxc7 Rxc7 20. Rxa6 Bc8 21. Ra3 Rb7
22. Rb1 fxe4 23. Bxe4 Nf6 24. Ng5 Nxe4 25. Nxe4 Rb6 26. g4 Bh6 27. Kg2 Qh4 28.
f3 Bf4 29. Nxf4 Rxf4 30. Ra8 Rf8 31. b4 cxb4 32. c5 Ra6 33. Rxa6 Bxa6 34. cxd6
Rc8 35. Qd2 Rc4 36. Rxb4 Rxb4 37. Qxb4 Qd8 38. d7 {} 1-0

[Event "AUT-chW"]
[Site "Gallspach (OOe)"]
[Date "1997.08.07"]
[Round "11"]
[White "Lukan, Dunja"]
[Black "Mira, Helene"]
[Result "0-1"]
[WhiteElo "1804"]
[BlackElo "2131"]
[PlyCount "62"]
[EventDate "1997.08.07"]

1. d4 g6 2. c4 Bg7 3. Nc3 d6 4. e4 Nc6 5. Be3 e5 6. d5 Nce7 7. Be2 f5 8. f3 Bh6
9. Bxh6 Nxh6 10. Bd3 f4 11. Nge2 g5 12. Nc1 g4 13. Be2 Ng6 14. Nd3 Nh4 15. Rg1
Rg8 16. Kd2 Qg5 17. h3 a6 18. Kc2 gxh3 19. gxh3 Ng2 20. Kd2 Qh4 21. b3 Rg6 22.
Qf1 Bxh3 23. Qf2 Qxf2 24. Nxf2 Bd7 25. Bf1 {} 25... Ne1 26. Rxg6 Nxf3+ 27. Ke2
Nd4+ 28. Kd3 hxg6 29. Ne2 Nxe2 30. Bxe2 Kf7 31. Rh1 Kg7 0-1

[Event "AUT-chW"]
[Site "Gallspach (OOe)"]
[Date "1997.08.07"]
[Round "11"]
[White "Hennings, Margit"]
[Black "Hackbarth, Christa"]
[Result "0-1"]
[WhiteElo "1890"]
[BlackElo "1729"]
[PlyCount "80"]
[EventDate "1997.08.07"]

1. e4 c6 2. d4 d5 3. e5 Bf5 4. Nc3 e6 5. g4 Bg6 6. Nge2 Bb4 7. Ng3 Nd7 8. h4 h6
9. a3 Be7 10. h5 Bh7 11. Bd3 Bxd3 12. Qxd3 Bh4 13. Bd2 c5 14. Nb5 Be7 15. f4
cxd4 16. Nxd4 Qb6 17. Nb3 Bc5 18. O-O-O Ne7 19. Rhe1 Nc6 20. Bc3 O-O-O 21. f5
Bf2 22. Re2 d4 23. Be1 Be3+ 24. Kb1 Ndxe5 25. Qe4 Rhe8 26. Nf1 Nc4 27. Nxe3
Nxe3 28. Rd3 exf5 29. Qf4 Re4 30. Qg3 Rxg4 31. Qh2 f4 32. Bd2 Qc7 33. Rf2 f5
34. c3 Qe5 35. cxd4 Qe4 {} 36. Nc1 Rxd4 37. Bxe3 Rxd3 38. Nxd3 fxe3 39. Rc2
Qxd3 40. b4 Rc4 0-1

[Event "AUT-chW"]
[Site "Gallspach (OOe)"]
[Date "1997.08.07"]
[Round "11"]
[White "Borek, Jutta"]
[Black "Hapala, Michaela"]
[Result "1-0"]
[WhiteElo "2093"]
[BlackElo "1842"]
[PlyCount "97"]
[EventDate "1997.08.07"]

1. c4 e5 2. g3 Nc6 3. Bg2 g6 4. Nc3 Nf6 5. d3 Bg7 6. e3 O-O 7. Nge2 d6 8. O-O
Be6 9. Rb1 a5 10. a3 Qd7 11. Nd5 Bh3 12. Nxf6+ Bxf6 13. Nc3 Bxg2 14. Kxg2 Bg7
15. b4 axb4 16. axb4 Rab8 17. b5 Ne7 18. e4 f5 19. Bg5 f4 20. f3 h6 21. Bxe7
Qxe7 22. g4 Qh4 23. Qe1 Qd8 24. Qf2 Ra8 25. Ra1 Qb8 26. Qb2 b6 27. Nd5 Qb7 28.
Ra6 Kf7 29. Rfa1 Rxa6 30. Rxa6 Ke6 31. Qa2 Rf7 32. Nb4 {} 32... Qc8 33. Ra8
Qd7 34. Nc6 Bf6 35. Nb4 Bd8 36. c5+ Kf6 37. c6 Qe8 38. Nd5+ Kg7 39. Qa7 Qg8 40.
Qb8 Rf8 41. Ra7 Rf7 42. Qc8 h5 43. Qe6 hxg4 44. Qxg4 Qh8 45. Ra8 Qe8 46. Qc8
Rf8 47. Nxc7 Qe7 48. Ne6+ Kf7 49. Nxf8 1-0

[Event "AUT-chW"]
[Site "Gallspach (OOe)"]
[Date "1997.08.07"]
[Round "11"]
[White "Schwaninger, Ulrike"]
[Black "Horvath, Maria"]
[Result "1/2-1/2"]
[WhiteElo "1776"]
[BlackElo "2070"]
[PlyCount "48"]
[EventDate "1997.08.07"]

1. c4 e5 2. Nc3 Nc6 3. g3 g6 4. Bg2 Bg7 5. e3 d6 6. Nge2 Nf6 7. Rb1 a5 8. a3
Be6 9. Nd5 Rb8 10. Nec3 O-O 11. O-O Ne8 12. b4 axb4 13. axb4 Qd7 14. b5 Ne7 15.
d3 Nxd5 16. Nxd5 Bh3 17. Bxh3 Qxh3 18. b6 c6 19. Nc7 Nf6 20. Qf3 Rfd8 21. Bb2
Ng4 22. Qg2 Qh5 23. h3 Nf6 24. f4 Nd7 {} 1/2-1/2